Elenca la formazione - Quiz n°188 - Statistics

Statistiche generali
  • Questo quiz è stato fatto 28 volte
  • Il punteggio medio è 4 su 11
Statistiche sulle risposte
Ruolo Nazione Calciatore % Corretto
Portiere Spagna Pepe Reina
100%
Difensore Slovacchia Martin Škrtel
72%
Attaccante Paesi Bassi Dirk Kuyt
48%
Difensore Inghilterra Glen Johnson
48%
Difensore Inghilterra Jamie Carragher
36%
Centrocampista Brasile Lucas Leiva
28%
Centrocampista Danimarca Christian Poulsen
20%
Centrocampista Portogallo Raul Meireles
8%
Centrocampista Inghilterra Jay Spearing
0%
Centrocampista Inghilterra Joe Cole
0%
Difensore Grecia Sotirios Kyrgiakos
0%
Nessun quiz corrispondente trovato
Distribuzione punteggi
Percentuale di utenti per punteggio
Percentile per numero di risposta
I tuoi punteggi nel tempo
Non hai fatto questo quiz